1176 1340 1620 1715 1752 1868 1869 1893 1609 1869 1907 1539 1406 1025 1106 1930 1825 1934 1092 1597 1571 1731 1323 1609 1928 1303 1647 1899 1335 1158 1274 1726 1357 1544 1307 1294 1606 1319 1649 1862 1405 1410 1007 1105 1232 1786 1351 1605 1170 1159 1290 1356 1478 1827 1603 1703 1854 1061 1421 1204 1430 1159 1501 1490 1914 1149 1102 1101 1181 1707 1616 1794 1523 1330 1021 1598 1525 1232 1521 1698 1370 1640 1353 1052 1668 1320 1169 1753 1969 1637 1617 1440 1992 1168 1394 1948 1713 1237 1328 BCNSPRNW ULIB Ver.6.0+V

เปลี่ยนเป็นภาษาไทย

Change to English
 แสดงรายละเอียดบรรณานุกรม
  กลับหน้าหลัก

Brief Record : Get Marc (ISO 2709) : E-mail record : QR code < ปิดหน้าต่าง
LEADER : 00000nam 2200000uu 4500
001    13399113873
003     ULIB
008    120110s||||||||th 000 0 tha d
099    วจ.HF5415.5^bส143ก
100 0  ส่งศรี กิตติรักษ์ตระกูล
245 00 การพัฒนารูปแบบเครือข่ายจิตบริการด้วยหัวใจความเป็นมนุษย์ของวิทยาลัยสังกัดสถาบันพระบรมราชชนก/^cส่งศรี กิตติรักษ์ตระกูล และคณะ
260    นนทบุรี :^bสถาบันพระบรมราชชนก,^c2554
300    220 หน้า :^bภาพประกอบ
500    รายงานการวิจัย
650  7 การบริการ^xวิจัย
650  7 ครอบครัวเสมือน^xวิจัย
710    สถาบันพระบรมราชชนก
945    ^p0^l0^i030933
995    ทศพร
999 ^a ทศพร
รายการนี้ยังไม่มีแท็ก
คุณยังไม่ได้ล็อกอิน คุณสามารถมีกิจกรรมร่วมกับเว็บไซต์ได้ แต่ต้องล็อกอินก่อน ::
  ล็อกอิน

รายการสื่อสารสนเทศ

ลำดับที่ ประเภท เลขเรียก/บาร์โค้ด สถานที่ สถานะ
1. งานวิจัย
งานวิจัย
วจ.HF5415.5 ส143ก ฉ.1 
  Barcode: 030933
ห้องสมุดวิทยาเขตสวรรค์ประชารักษ์
►วิจัย
บนชั้น

รายการใกล้เคียง
    ผู้แต่ง [ส่งศรี กิตติรักษ์ตระกูล]

BibComment


ยังไม่เคยถูกคอมเมนท์

คอมเมนท์ทรัพยากรรายการนี้
  คอมเมนท์: การพัฒนารูปแบบเคร..


 Copyright 2026. Bcnsprnw @Library